• 首页
  • 本馆介绍
  • 公告通知
  • 最新文献
  • 馆藏检索
  • 电子资源
  • 读者导购
  • 参考咨询
  • 我的图书馆
  • 登录
  • 详细信息显示
  • 放入我的书架
  • 预约/预借图书
  • 作者相关作品
  • 分类相关作品
  • 丛书相关作品
  • 出版社相关作品

书目信息

  • 表格格式
  • 工作单格式
  • 卡片格式
题名:
音乐美学基础
    
 
作者: 张前 王昭次 著
分册:  
出版信息: 北京   人民音乐出版社  2005
页数: 350页
开本: 20cm
丛书名: 音乐自学丛书
单 册:
中图分类: J601
科图分类:
主题词: 音乐--艺术理论 , 音乐学 , 音乐社会学
电子资源:
ISBN: 7-103-00860-4
000 00681nam0 2200241 450
001 0651895077
005 20061017142639.90
010    @a7-103-00860-4@dCNY18.60
100    @a20061017d2005 km y0chiy0120 ea
101 0  @achi
102    @aCN@b110000
200 1  @a音乐美学基础@Ayin yue mei xue ji chu@f张前 王昭次著@Fzhang qian wang zhao ci zhu
210    @a北京@c人民音乐出版社@d2005
215    @a350页@d20cm
225 2  @a音乐自学丛书
410  0 @12001 @a音乐自学丛书
606 0  @a音乐@x艺术理论
606 0  @a音乐学
606 0  @a音乐社会学
690    @aJ601@v3
701  0 @a张前 王昭次@Azhang qian wang zhao ci@4著
801  0 @aCN@bPFT@c20061017
905    @a10447@dJ601@e347
    
    音乐美学基础/张前 王昭次著.-北京:人民音乐出版社,2005
    350页;20cm.-(音乐自学丛书)
    
    
    ISBN 7-103-00860-4:CNY18.60
    
●
相关链接 在E读中查询图书 在五车中查询图书 在当当中查询图书 在豆瓣中查询图书


正题名:音乐美学基础     索取号:J601/347         预约/预借

序号 登录号 条形码 馆藏地/架位号 状态 备注
1 0502644   205026443   密集书库/ [索取号:J601/347] 在馆    
唐山师范学院图书馆 欢迎您!
大连网信软件有限公司© 版权所有